000 00354nam a2200133Ia 4500
008 230411s9999 xx 000 0 und d
041 _aeng
082 _aMS/610.7361/B08598
100 _aAnsari Javed
245 _aSolved Papers in Medical Surgical Nursing
260 _bS Vikas and Co
_aJalandhar
_c2016
300 _a218p
999 _c158222
_d158222